<?xml version="1.0" encoding="UTF-8"?>
<record
    xmlns:xsi="http://www.w3.org/2001/XMLSchema-instance"
    xsi:schemaLocation="http://www.loc.gov/MARC21/slim http://www.loc.gov/standards/marcxml/schema/MARC21slim.xsd"
    xmlns="http://www.loc.gov/MARC21/slim">

  <leader>01489nam a2200241Ia 4500</leader>
  <controlfield tag="001">b6223-43695 </controlfield>
  <controlfield tag="003">IT-MiCISF</controlfield>
  <controlfield tag="005">20230301122052.0</controlfield>
  <controlfield tag="008">161014s9999||||xx |||||||||||||| ||und||</controlfield>
  <datafield tag="040" ind1=" " ind2=" ">
    <subfield code="a">IT-MiCISF</subfield>
    <subfield code="c">IT-MiCISF</subfield>
  </datafield>
  <datafield tag="041" ind1=" " ind2=" ">
    <subfield code="a">it</subfield>
  </datafield>
  <datafield tag="100" ind1=" " ind2=" ">
    <subfield code="a">Di Pietro Maria Luisa</subfield>
    <subfield code="9">59462</subfield>
  </datafield>
  <datafield tag="245" ind1=" " ind2="0">
    <subfield code="a">Obiezione di coscienza in sanit&#xE0;.</subfield>
    <subfield code="b">Nuove problematiche per l'etica e per il diritto</subfield>
  </datafield>
  <datafield tag="260" ind1=" " ind2=" ">
    <subfield code="a"> Siena,</subfield>
    <subfield code="b">Cantagalli,</subfield>
    <subfield code="c">2005</subfield>
  </datafield>
  <datafield tag="300" ind1=" " ind2=" ">
    <subfield code="a">pp. 264</subfield>
  </datafield>
  <datafield tag="500" ind1=" " ind2=" ">
    <subfield code="a"> / obiezione-di-coscienza, aborto-terapeutico, contraccezione, procreazione-artificiale, sterilizzazione / </subfield>
  </datafield>
  <datafield tag="520" ind1=" " ind2=" ">
    <subfield code="a">A partire dalla L. 194 sull'interruzione volontaria di gravidanza, il dibattito intorno all'obiezione di coscienza dei medici nei temi di bioetica si &#xE8; fatto via via sempre pi&#xF9; articolato, fino a giungere ai recenti episodi legati alla fecondazione artificiale. In questo testo gli autori, tra cui Carlo Casini, fondatore del Movimento per la Vita, e la figlia Marina, docente di bioetica, analizzano l'obiezione di coscienza nei suoi presupposti storici e teorici e la affrontano compiutamente per ciascun tema: aborto, contraccezione, procreazione medicalmente assistita, sterilizzazione. Un utile strumento sia per medici e professionisti, sia per chi vuole approfondire gli aspetti etico-giuridici dell'obiezione di coscienza</subfield>
  </datafield>
  <datafield tag="650" ind1=" " ind2=" ">
    <subfield code="a">Bioetica</subfield>
    <subfield code="e">011</subfield>
    <subfield code="9">56169</subfield>
  </datafield>
  <datafield tag="654" ind1=" " ind2=" ">
    <subfield code="a">saggio</subfield>
  </datafield>
  <datafield tag="700" ind1=" " ind2=" ">
    <subfield code="a">Casini C., Casini M., Spagnolo A.G.</subfield>
    <subfield code="9">59463</subfield>
  </datafield>
  <datafield tag="942" ind1=" " ind2=" ">
    <subfield code="c">BK</subfield>
    <subfield code="2">ddc</subfield>
  </datafield>
  <datafield tag="999" ind1=" " ind2=" ">
    <subfield code="c">210842</subfield>
    <subfield code="d">210842</subfield>
  </datafield>
  <datafield tag="999" ind1=" " ind2=" ">
    <subfield code="b">si</subfield>
  </datafield>
  <datafield tag="952" ind1=" " ind2=" ">
    <subfield code="0">0</subfield>
    <subfield code="1">0</subfield>
    <subfield code="4">0</subfield>
    <subfield code="6">B_622343695</subfield>
    <subfield code="7">1</subfield>
    <subfield code="a">CISF</subfield>
    <subfield code="b">CISF</subfield>
    <subfield code="d">2016-10-14</subfield>
    <subfield code="l">0</subfield>
    <subfield code="o">b6223-43695 </subfield>
    <subfield code="r">2016-10-14 00:00:00</subfield>
    <subfield code="w">2016-10-14</subfield>
    <subfield code="y">BK</subfield>
    <subfield code="z">Data import 15.10.2016 / by Epidotti, Vaglietti</subfield>
  </datafield>
</record>
